Statistics for Trivial Pursuit Challenge I

Click here to take the quiz!

General Stats

  • This quiz has been taken 53 times
  • The average score is 13 of 25

Answer Stats

HintAnswer% Correct
Where's the largest active volcano in the world located?Hawaii
100%
Which country has the largest population of Muslims?Indonesia
89%
What is the term for a series of islands connected underwater?Archipelago
76%
How many time zones are there in Russia?11
72%
Which actor won the Oscar for the best actor in 2016?Leonardo Di Caprio
63%
What was the first Netflix show to win an Emmy?House of Cards
48%
Which city has established the first known democracy in the world?Athens
46%
Who is the only US President to have served 3 full terms?Franklin D. Roosevelt
46%
What does VHS stand for?Video Home System
46%
What was the name of the main character on "Breaking Bad"?Walter White
46%
In which city is the Secret Annex where Anne Frank hid located?Amsterdam
43%
The assassination of which figure is often thought to be the spark that ignited WWI?Archduke Franz Ferdinand
43%
Which famous artist made headlines by shredding a piece of his artwork the moment it was sold?Banksy
43%
The Queen's Gambit is a move in what game?Chess
43%
In "The Great Gatsby", which body part does the billboard for Dr. Eckleburg feature?Eyes
43%
How many years did it take for Michaelangelo to paint the Sistine Chapel?Four
43%
"Fe" is the abbreviation for which element on the periodic table?Iron
43%
Which famous mathematician is credited with discovering gravity?Isaac Newton
43%
Who painted "The Last Supper"?Leonardo Da Vinci
43%
What term is used to describe a score of zero in tennis?Love
43%
Who is the only scientist to have won a Nobel Prize in two categories?Marie Curie
43%
What is the highest possible hand in Texas Hold'em?Royal Flush
43%
Which country has hosted the most Olympic games?United States of America
43%
Dihydrogen monoxide is the chemical name for what substance?Water
43%
What is the family name of the ruling dinasty of Monaco?Grimaldi
37%

Score Distribution

Percentile by Number Answered

Percent of People with Each Score

Your Score History

You have not taken this quiz